Southville International School and Colleges
Your cart is empty.
  • Cart
  • Lists
    Public lists Eva Luna New books Lux_list list_1
    Your lists Log in to create your own lists
  • Log in to your account
  • Your cookies
  • Search history
Southville International School and Colleges
  • Advanced search
  • Recent comments
  • Most popular
  • Libraries

Log in to your account

Log in with GOOGLE


If you do not have an external account, but do have a local account, you can still log in:

  1. Home
  2. MARC view: Graphic design school :
Normal view MARC view ISBD view

Graphic design school : (Record no. 39654)

[ view plain ]
MARC details
000 -LEADER
fixed length control field 00723nam a2200229 a 4500
005 - DATE AND TIME OF LATEST TRANSACTION
control field 20140311163033.0
008 - FIXED-LENGTH DATA ELEMENTS--GENERAL INFORMATION
fixed length control field 101020s19uu xx 00 eng d
020 ## - INTERNATIONAL STANDARD BOOK NUMBER
International Standard Book Number 978-0-500-28863-4
050 ## - LIBRARY OF CONGRESS CALL NUMBER
Classification number NC 845
Item number .T366 2010
100 ## - MAIN ENTRY--PERSONAL NAME
Personal name Dabner, David
245 ## - TITLE STATEMENT
Title Graphic design school :
Remainder of title a foundation course for graphic designers working in print, moving image and digital media.
250 ## - EDITION STATEMENT
Edition statement 4th ed.
260 ## - PUBLICATION, DISTRIBUTION, ETC. (IMPRINT)
Place of publication, distribution, etc London :
Name of publisher, distributor, etc Thames $ Hudson,
Date of publication, distribution, etc 2010.
300 ## - PHYSICAL DESCRIPTION
Extent 192 p. :
Other physical details col. ill. ;
Dimensions 25 cm.
521 ## - TARGET AUDIENCE NOTE
Target audience note
650 ## - SUBJECT ADDED ENTRY--TOPICAL TERM
Topical term or geographic name as entry element Graphic arts
General subdivision Study and teaching.
650 ## - SUBJECT ADDED ENTRY--TOPICAL TERM
Topical term or geographic name as entry element Commercial art
General subdivision Study and teaching.
700 ## - ADDED ENTRY--PERSONAL NAME
Personal name Calvert, Sheena
700 ## - ADDED ENTRY--PERSONAL NAME
Personal name Casey, Anoki
942 ## - ADDED ENTRY ELEMENTS (KOHA)
Koha item type Books
Source of classification or shelving scheme Library of Congress Classification
Call number prefix Foreign
Holdings
Withdrawn status Lost status Source of classification or shelving scheme Damaged status Home library Current library Shelving location Date acquired Source of acquisition Total Checkouts Total Renewals Full call number Barcode Date last seen Date checked out Copy number Price effective from Koha item type
    Library of Congress Classification   College Library College Library General Circulation Section 01/22/2014 Donation 1 16 NC 845 .T366 2010 C11497 05/15/2018 06/28/2016 1 01/22/2014 Books

Graphic design school :

APA

Dabner D., Calvert S. & Casey A. (2010). Graphic design school. London: Thames $ Hudson.

Chicago

Dabner David, Calvert Sheena and Casey Anoki. 2010. Graphic design school. London: Thames $ Hudson.

Harvard

Dabner D., Calvert S. and Casey A. (2010). Graphic design school. London: Thames $ Hudson.

MLA

Dabner David, Calvert Sheena and Casey Anoki. Graphic design school. London: Thames $ Hudson. 2010.

  • Place hold
  • Print
  • Cite
  • Add to your cart (remove)
  • Save record
    BIBTEX Dublin Core MARCXML MARC (non-Unicode/MARC-8) MARC (Unicode/UTF-8) MARC (Unicode/UTF-8, Standard) MODS (XML) RIS
  • More searches
    Search for this title in:
    Other Libraries (WorldCat) Other Databases (Google Scholar) Online Stores (Bookfinder.com) Open Library (openlibrary.org)

Exporting to Dublin Core...

SOUTHVILLE LIBRARY

Southville International School and Colleges Library

1281 Tropical Ave. Cor. Luxembourg St., BF Homes International, Las Pinas City

Tel. No. 8256374 / 252358 Loc. 117/146

Powered by Koha